Phổ cập kiến thức tin học cho mọi người 2009 - 2010
Sách giới thiệu những kiến thức tin học căn bản về Word, Excel, PowerPoint, các cơ sở dữ liệu Access trong bộ Office 2007. Giúp bạn đọc nâng cao kiến thức tin học.
Kaydedildi:
| Yazar: | |
|---|---|
| Materyal Türü: | Kitap |
| Dil: | Undetermined |
| Baskı/Yayın Bilgisi: |
Thành phố Hồ Chí Minh
Hồng Đức
2009
|
| Konular: | |
| Etiketler: |
Etiketle
Etiket eklenmemiş, İlk siz ekleyin!
|
| Thư viện lưu trữ: | Trung tâm Học liệu Trường Đại học Cần Thơ |
|---|
| LEADER | 00900nam a2200205Ia 4500 | ||
|---|---|---|---|
| 001 | CTU_159286 | ||
| 008 | 210402s9999 xx 000 0 und d | ||
| 020 | |c 72000 | ||
| 082 | |a 005.5 | ||
| 082 | |b M312/T.1 | ||
| 100 | |a Minh Châu | ||
| 245 | 0 | |a Phổ cập kiến thức tin học cho mọi người 2009 - 2010 | |
| 245 | 0 | |c Minh Châu, Tấn Cương và nhóm tin học thực dụng | |
| 260 | |a Thành phố Hồ Chí Minh | ||
| 260 | |b Hồng Đức | ||
| 260 | |c 2009 | ||
| 520 | |a Sách giới thiệu những kiến thức tin học căn bản về Word, Excel, PowerPoint, các cơ sở dữ liệu Access trong bộ Office 2007. Giúp bạn đọc nâng cao kiến thức tin học. | ||
| 650 | |a Microsoft office | ||
| 904 | |i HHTrang (Bé Ba), Bạch Trúc | ||
| 980 | |a Trung tâm Học liệu Trường Đại học Cần Thơ | ||